| 000 | 00775nam a2200289Ia 4500 | ||
|---|---|---|---|
| 008 | 160803s9999 xx 000 0 und d | ||
| 020 | _a9780545220873 | ||
| 100 | _aHahn, Mary Downing | ||
| 245 | _aDeep and dark and dangerous / | ||
| 245 | _cMary Downing Hahn. | ||
| 260 | _aNew York : | ||
| 260 | _bScholastic Inc. | ||
| 260 | _c2007 | ||
| 300 | _a187 pages ; | ||
| 300 | _c20 cm | ||
| 500 | _aOriginally published: New York : Clarion Books, ©2007. | ||
| 650 | _aCousins -- | ||
| 650 | _aCousins. | ||
| 650 | _aGhost stories -- | ||
| 650 | _aMothers and daughters -- | ||
| 650 | _aSecrecy -- | ||
| 650 | _xJuvenile fiction. | ||
| 650 | _xJuvenile fiction. | ||
| 650 | _xJuvenile fiction. | ||
| 650 | _xJuvenile literature. | ||
| 700 | _a650 | ||
| 999 |
_c299916 _d299916 |
||